[Event "Bialystok Zamenhof Memorial-C 35th"]
[Site "Bialystok"]
[Date "2017.12.29"]
[Round "6.27"]
[White "Kuleba, Ivan"]
[Black "Businski, Karol"]
[Result "1/2-1/2"]
[WhiteElo "1658"]
[BlackElo "1411"]
[PlyCount "74"]
[EventDate "2017.12.27"]
[EventType "swiss"]
[EventRounds "9"]
[EventCountry "POL"]
[SourceTitle "EXT 2023"]
[Source "ChessBase"]
[SourceDate "2022.10.05"]
[SourceVersion "1"]
[SourceVersionDate "2022.10.05"]
[SourceQuality "1"]

1. e4 e5 2. Nf3 Nc6 3. Bc4 Nf6 4. d3 Be7 5. Nc3 d6 6. Ne2 d5 7. exd5 Nxd5 8. Ng3 0-0 9. 0-0 Re8 10. Bb5 f6 11. Bxc6 bxc6 12. d4 exd4 13. Nxd4 c5 14. Nf3 Nb4 15. Bd2 Bg4 16. a3 Nc6 17. Bc3 Qxd1 18. Raxd1 Bd6 19. h3 Bxf3 20. gxf3 Ne5 21. Kg2 Ng6 22. Nf5 Rad8 23. Bd2 Re5 24. Nxd6 cxd6 25. Kg3 h5 26. Ba5 Rd7 27. Rd2 h4+ 28. Kh2 Kf7 29. Rfd1 Ke6 30. c4 Ne7 31. b4 cxb4 32. Bxb4 Nc8 33. Rd5 g5 34. f4 Rf5 35. fxg5 fxg5 36. Kg2 a5 37. Bd2 Rg7 1/2-1/2